• 首页
  • 本馆介绍
  • 公告通知
  • 最新文献
  • 馆藏检索
  • 电子资源
  • 读者荐购
  • 参考咨询
  • CALIS
  • 我的图书馆
  • 登录
  • 详细信息显示
  • 放入我的书架
  • 预约/预借图书
  • 作者相关作品
  • 分类相关作品
  • 丛书相关作品
  • 出版社相关作品

书目信息

  • 表格格式
  • 工作单格式
  • 卡片格式
题名:
新型火工药剂理论与技术
    
 
作者: 杨利 , 张同来 编著
分册:  
出版信息: 北京   北京理工大学出版社  2019.05
页数: 132页
开本: 26cm
丛书名:
单 册:
中图分类: TQ560.7
科图分类:
主题词: 火工品--huo gong pin--药剂学--高等教育--教材
电子资源:
ISBN: 978-7-5640-9684-7
 
 
 
 
 
000 01181nam0 2200277 450
001 0100010084
005 20190905093950.0
010    @a978-7-5640-9684-7@dCNY38.00
100    @a20190831d2019 em y0chiy50 ea
101 0  @achi
102    @aCN@b110000
105    @aak a 000yy
106    @ar
200 1  @a新型火工药剂理论与技术@Axin xing huo gong yao ji li lun yu ji shu@d= The theory and technology of new initiating explosives@f杨利, 张同来编著@zeng
210    @a北京@c北京理工大学出版社@d2019.05
215    @a132页@c图@d26cm
320    @a有书目 (第128-132页)
330    @a本书从药剂的基础理论入手, 首先讲述药剂的热理论、感度测试理论、晶形控制理论、结构分析理论 ; 然后从药剂的分类入手, 分别讲述具有特征特点的药剂物理化学性质、制备工艺、爆炸性能三大方向。该书的出版可为本专业的学生以及科技人员提供前沿及基础的理论指导。
333    @a普通高等教育“十三五”规划教材
510 1  @aTheory and technology of new initiating explosives@zeng
606 0  @a火工品@Ahuo gong pin@x药剂学@x高等教育@j教材
690    @aTQ560.7@v5
701  0 @a杨利@Ayang li@4编著
701  0 @a张同来@Azhang tong lai@4编著
801  0 @aCN@c20190905
905    @a河南城建学院图书馆@dTQ560.7@eY223
    
    新型火工药剂理论与技术= The theory and technology of new initiating explosives/杨利, 张同来编著.-北京:北京理工大学出版社,2019.05
    132页:图;26cm
    使用对象:普通高等教育“十三五”规划教材
    
    ISBN 978-7-5640-9684-7:CNY38.00
    本书从药剂的基础理论入手, 首先讲述药剂的热理论、感度测试理论、晶形控制理论、结构分析理论 ; 然后从药剂的分类入手, 分别讲述具有特征特点的药剂物理化学性质、制备工艺、爆炸性能三大方向。该书的出版可为本专业的学生以及科技人员提供前沿及基础的理论指导。
●
相关链接 在E读中查询图书 在当当中查询图书 在豆瓣中查询图书


正题名:新型火工药剂理论与技术     索取号:TQ560.7/Y223         预约/预借

序号 登录号 条形码 馆藏地/架位号 状态 备注
1 1437538   214375380   自科库501/501自科库 40排2列1层/ [索取号:TQ560.7/Y223] 在馆    
2 1437539   214375399   自科库501/501自科库 40排2列1层/ [索取号:TQ560.7/Y223] 在馆    
河南城建学院图书馆 欢迎您!
大连网信软件有限公司© 版权所有